000
00350nam a2200157Ia 4500
100
_a
Dryden/C.E
650
_a
Chemistry
942
_c
BK
654
_a
Chemical Technology
245
_a
Outline Of Chemical Technology
260
_b
East- West Press
_a
NEW DELHI
_c
1965
082
_a
660.2
_b
Dry
300
_a
500
546
_a
ENGLISH
999
_c
23238
_d
23238